茗香千载,饮茶小史:煎茶、点茶、瀹泡、壶泡……从上古煮饮到工夫茶的传承与演化 (Record no. 322879)

000 -LEADER
fixed length control field 00426 a2200145 4500
020 ## - ISBN
ISBN 9786267557815
082 ## - 索书号 Call Number
分类号Classification number 974.8
作者号 Author number 5360
100 ## - 作者
作者 静清和 著
245 ## - 书名 TITLE
书名Title 茗香千载,饮茶小史:煎茶、点茶、瀹泡、壶泡……从上古煮饮到工夫茶的传承与演化
250 ## - 版本 EDITION STATEMENT
版本叙述 Edition statement 初版;平装
260 ## - 出版项PUBLICATION, DISTRIBUTION, ETC. (IMPRINT)
出版社 Name of publisher 沐烨文化
出版日期 Date of publication 2025
出版地 Place of publication 台北市
300 ## - 稽核项 PHYSICAL DESCRIPTION
页数 Number of Pages 223页
尺寸 Dimensions 21公分
500 ## - 一般附注 GENERAL NOTE
附注 General note
942 ## - ADDED ENTRY ELEMENTS (KOHA)
Koha item type Books
Holdings
Source of classification or shelving scheme Not for loan Permanent Location Current Location Shelving location Date acquired Source of acquisition Cost, normal purchase price Full call number Barcode Cost, replacement price Koha item type
    LIBRARY CHUNG HWA HIGH SCHOOL MUAR LIBRARY CHUNG HWA HIGH SCHOOL MUAR 9 艺术类(一楼) 2026-03-25 73.30 974.8 5360 050252 146.60 Books

Powered by Koha